Kiežby si, amor

Bibliographic Details
Main Author: Boccaccio, Giovanni, 1313-1375 (Author)
Other Authors: Turčány, Viliam, 1928-2021 (Translator)
Format: Article
Language:Slovak
Subjects:

MARC

LEADER 00000nab a2200000 a 4500
001 vtls000057869
003 SK-MaSNL
005 20260304074637.0
008 250423c1980 xo 0 slo
015 |a SNBRB19rr/mm-uuuuu 
035 |a CL0067966 
035 |a urn:nbn:sk:snk-abb8q3 
035 |a (urnnbn)urn:nbn:sk:snk:ar-0057g9 
035 |a (uuid)84d8d548-f68d-47f8-8094-ba2418d559da 
040 |a SNKBUCL  |b slo  |c SNKBUCL  |e AACR2 
041 0 |a slo 
044 |a xo  |c SK 
080 |a 850-1  |2 1981 
100 1 |a Boccaccio, Giovanni,  |d 1313-1375  |4 aut  |9 225331 
245 1 0 |a Kiežby si, amor  |c Giovanni Boccaccio ; Viliam Turčány 
650 0 7 |a básne lyrické  |2 snkbucl  |9 403933 
650 0 7 |a sonety lyrické  |2 snkbucl  |9 1361787 
655 7 |a články z novín a časopisov  |2 snkbucl  |9 267496 
655 7 |a články z odboru literárna veda a krásna literatúra  |2 snkbucl  |9 770045 
700 1 |a Turčány, Viliam,  |d 1928-2021  |4 trl  |9 102025 
773 0 |t Revue svetovej literatúry  |g Roč. 16, č. 1 (1980), s. 18 
850 |a Slovenská národná knižnica 
852 |a Slovenská národná knižnica 
958 |a article15 
958 |a RK 
958 |a LX 
958 |a OND 
958 |a EUIPO 
999 |c 2777207  |d 2779137